| 000 | 00385nam a22001337a 4500 | ||
|---|---|---|---|
| 999 |
_c54987 _d54987 |
||
| 008 | 200204b ||||| |||| 00| 0 eng d | ||
| 041 | _aeng | ||
| 080 |
_2043.3 _a043.3 |
||
| 082 | _a043.3 | ||
| 100 | _a0 | ||
| 101 | _aMTH | ||
| 245 |
_aSiguria dhe Privatësia në Sektorin Bankar që përdorin shërbime të bazuara në Cloud: Sfidat dhe Kontrollet _cEmërllahu,D |
||
| 942 |
_2udc _cBK |
||